000 00927nam a22003257a 4500
001 BR0604585
003 BR-BrBNA
005 20230928102313.0
007 ta
008 230509b bl.||||| |||| 00| 0 por d
040 _aBR-BrBNA
_bpor
_cBiblioteca Nacional de Agricultura
041 _a(Por)
072 _aD10
090 _ D10 BR0604585
110 1 _aMinistério da Agricultura, Pecuária e Abastecimento, Brasília, DF (Brasil)
245 1 _aRelatório de transição 2007
260 3 _aBrasília, DF (Brasil):
_c2006.
300 _a106 p.
650 _aINSTITUIÇÃO PÚBLICA
650 _aADMINISTRAÇÃO PÚBLICA
650 _aAGRICULTURA
650 _aPECUÁRIA
650 _aPLANEJAMENTO ADMINISTRATIVO
650 _aCOOPERATIVISMO
650 _aASSOCIATIVISMO
650 _aDESENVOLVIMENTO SUSTENTÁVEL
650 _aPOLÍTICA AGRÍCOLA
909 _a202309
_bLucia
_c55
_dLucia Elande
942 _cBK
999 _c70097
_d70097